Normal view
MARC view
Entry Personal Name
001 - CONTROL NUMBER
- control field: 1237844
003 - CONTROL NUMBER IDENTIFIER
- control field: OSt
005 - DATE AND TIME OF LATEST TRANSACTION
- control field: 20260430150545.0
008 - FIXED-LENGTH DATA ELEMENTS
- fixed length control field: 260430|| aca||aabn | a|a d
040 ## - CATALOGING SOURCE
- Original cataloging agency: OSt
- Transcribing agency: OSt
100 ## - HEADING--PERSONAL NAME
- Personal name: Singhal Shelly Nee Shelly Aggarwal Au.; Saluja Daman Gu.; Srivastava Kamna Gu
670 ## - SOURCE DATA FOUND
- Source citation: Work cat.: (OSt)1850070: Singhal Shelly Nee Shelly Aggarwal Au.; Saluja Daman Gu.; Srivastava Kamna Gu., Diagnostic Potential of Sort1 Gene and Designing Pcsk9 Inhibitors as Therapeutic Strategy for Coronary Artery Disease, 2024
